000 00707cam a2200217 4500500
005 20260405001307.0
041 _afre
042 _adc
100 1 0 _aTiercelin, Claudine
_eauthor
245 0 0 _aClaudine Tiercelin: “J’étais dans un petit village aride du sud du Péloponnèse, mer, ciel, pierre sèches”
260 _c2012.
500 _a94
690 _aChose
690 _aCiment
690 _aClaudine Tiercelin
690 _aEurêka
690 _aMétaphysique
690 _aTiercelin
786 0 _nPhilosophie magazine | 60 | 6 | 2012-06-01 | p. 39-40 | 1951-1787
856 4 1 _uhttps://shs.cairn.info/magazine-philosophie-magazine-2012-6-page-39?lang=fr&redirect-ssocas=7080
999 _c2046058
_d2046058